AKP'nin doğa talanı karnesi (Record no. 9768)

MARC details
000 -BAŞLIK
Sabit Uzunlukta Kontrol Alanı 01164na a2200313 4500
999 ## - SİSTEM KONTROL NUMARALARI (KOHA)
Koha Biblionumber 9768
Koha Biblioitemnumber 9768
001 - KONTROL NUMARASI
Denetim Alanı 23161
003 - KONTROL NUMARASI IDENTIFIER
Denetim Alanı MIRAKIL
005 - SON İŞLEM TARİHİ VE ZAMANI
Denetim Alanı 20200619163952.0
008 - SABİT-BOY VERİ ELEMANLARI - GENEL BİLGİLER
Sabit Uzunlukta Kontrol Alanı 170728b tu 000 0
035 ## - SİSTEM KONTROL NUMARASI
Sistem Kontrol Numarası 20746
040 ## - KATALOGLAMA KAYNAK
Orijinal Kataloglama Ajansı Milas
Kataloglama Dili tur
Metne Dönüştürmek Ajansı TR-AnCHP
041 ## - DİL KODU
Metin / Ses Parça Veya Ayrı Başlığın Dil Kodu tur
082 ## - DEWEY ONLU SINIFLANDIRMA NUMARASI
Sınıflandırma Numarası CHP 363.7
Ürün Numarası C36523a 2017
090 ## - SINIFLAMA NUMARASI
Sınıflama Numarası BROŞÜR 502
110 ## - ANA GİRİŞ - KURUMSAL ADI
Giriş Elemanı Olarak Kurumsal Ad Veya Yargı Alanı Adı Cumhuriyet Halk Partisi (CHP)
Alt Birim İnsan ve Doğa Hakları Genel Başkan Yardımcılığı
245 ## - BAŞLIK TABLOSU
Başlık AKP'nin doğa talanı karnesi
Sorumluluk Tablosu, Vb CHP İnsan ve Doğa Hakları Genel Başkan Yardımcılığı
260 ## - YAYIN, DAĞITIM, VB
Yayın, Dağıtım, Vb Yeri Ankara
Yayıncı, Dağıtıcı, Vs Adı CHP
Yayın, Dağıtım, Vb Tarihi 2017
300 ## - FİZİKSEL TANIM
Kapsam 29 s.
Diğer Fiziksel Ayrıntıları rnk. ; hrt.
Boyutlar 13 sm.
440 ## - SERİSİ TABLOSU / KATMA GİRİŞİ - BAŞLIK
Başlık CHP İnsan ve Doğa Hakları yayınlar
Bir İşin Parçası / Bölümün İsmi Broşürler
610 ## - KONU KATMA GİRİŞ - TOPLANTI ADI
Giriş Elemanı Olarak Kurumsal Ad Veya Yargı Alanı Adı AKP
Genel Alt Bölüm Siyaset ve yönetim
Kronolojik Alt Bölüm 2002-
610 ## - KONU KATMA GİRİŞ - TOPLANTI ADI
Giriş Elemanı Olarak Kurumsal Ad Veya Yargı Alanı Adı Cumhuriyet Halk Partisi (CHP)
Genel Alt Bölüm Çevre politikaları
Kronolojik Alt Bölüm AKP iktidarı
650 ## - KONU KATMA GİRİŞ - TOPİKAL DÖNEM
Topikal Süreli Veya Coğrafi Ad Giriş Elemanı Çevre sorunları
Genel Alt Bölümü AKP iktidarı
Kronolojik Alt Bölümü İstatistikler
650 ## - KONU KATMA GİRİŞ - TOPİKAL DÖNEM
Topikal Süreli Veya Coğrafi Ad Giriş Elemanı Çevre politikaları
Genel Alt Bölümü AKP iktidarı
Kronolojik Alt Bölümü İstatistikler
830 ## - SERİSİ EKLENDİ GİRİŞ - ÜNİFORM ADI
Üniforma Başlık CHP broşürleri
942 ## - EKLENDİ GİRİŞ ELEMANLARI (KOHA)
Koha Öğesi Türü Books
999 ## - SİSTEM KONTROL NUMARALARI (KOHA)
Koha Biblioitemnumber 9768
Holdings
Kullanım Kısıtlamaları Kalıcı Konum Mevcut Konum Edinme Tarihi Edinim Kaynak Kodlu Konum Eleme Toplam Check-Out'Lar Tam Çağrı Numarası Barkod Tarih Son Görülme Kopya Sayısı İtibaren Geçerli Fiyatlar Koha Öğesi Türü
Kütüphane dışına çıkarılamaz CHP Kütüphanesi CHP Kütüphanesi 07/28/2017 Bağış BROŞÜRLER   BROŞÜR 502 017140 07/28/2017 k.7 07/28/2017 Books